[Event "Standard for new members, May 2006"]
[Site "SchemingMind.com"]
[Date "2006.05.10"]
[Round "-"]
[White "carpediem"]
[Black "kobby"]
[Result "0-1"]
[WhiteCountry "USA"]
[BlackCountry "ENG"]
[WhiteElo "1839"]
[WhiteRD "100"]
[BlackElo "1643"]
[BlackRD "71"]
[GameID "50320"]

1. Nf3 e6 2. d4 d5 3. Bf4 a6 4. Nc3 c5 5. e3 Nc6 6. Na4 h6 7. c4 cxd4 8. cxd5 Qxd5 9. Nxd4 Bb4+ 10. Nc3 Qc5
11. Nb3 Bxc3+ 12. bxc3 Qxc3+ 13. Nd2 Nb4 14. Rc1 Qb2 15. Nc4 Qxa2 16. Nd6+ Ke7 17. Rc7+ Kf6 18. Qd4+ Kg6 19. Qxb4 Qa1+ 20. Ke2 Nf6
21. Rxf7 Rd8 22. Be5 Qxe5 23. Nxb7 Rb8 24. Rxg7+ Kxg7 25. Qe7+ Kg6 26. Qxd8 Qb2+ 27. Qd2 Qxd2+ 28. Kxd2 Bxb7 29. f3 Nd5 30. Bd3+ Kf6
31. Rb1 a5 32. Rb5 a4 33. g4 a3 34. Ra5 Ra8 35. Rxa8 Bxa8 36. Bb1 Kg5 37. e4 Nb6 38. Kc3 Kf4 39. Kb3 Kxf3 40. Kxa3 Kxg4
41. Ba2 e5 42. Bb1 Kh3 43. Kb3 Kxh2 44. Kc3 Kg3 45. Kd3 Kf2 46. Bc2 h5 47. Bb3 h4
0-1

[Event "Standard for new members, May 2006"]
[Site "SchemingMind.com"]
[Date "2006.05.11"]
[Round "-"]
[White "kobby"]
[Black "carpediem"]
[Result "0-1"]
[WhiteCountry "ENG"]
[BlackCountry "USA"]
[WhiteElo "1643"]
[WhiteRD "71"]
[BlackElo "1839"]
[BlackRD "100"]
[GameID "50322"]

1. b4 e5 2. a3 d5 3. Bb2 Bd6 4. h3 a6 5. e3 Qe7 6. Nf3 f6 7. d4 exd4 8. Bxd4 c5 9. bxc5 Bxc5 10. Nc3 Be6
11. Na4 Nd7 12. Nb2 Bxa3 13. Nd3 Bc5 14. Nf4 Bxd4 15. Nxd4 Bf7 16. Nf5 Qf8 17. Nxd5 Rc8 18. c4 g6 19. Nxf6+ Ngxf6 20. Nd6+ Kd8
21. Nxc8 Kxc8 22. Be2 Qb4+ 23. Qd2 Qxd2+ 24. Kxd2 Ne4+ 25. Ke1 Ne5 26. f3 Ng3 27. Rg1 Nxe2 28. Kxe2 Bxc4+ 29. Kf2 g5 30. Rgd1 Nd3+
31. Kg3 Rf8 32. Rd2 h5 33. Rad1 Ne5 34. Rc2 h4+ 35. Kh2 Kb8 36. Rd4 Be6 37. Re4 Rf5 38. Rc5 Nxf3+ 39. gxf3 Rxc5 40. Rxe6 Ka7
41. Kg2 b5 42. e4 Rc2+ 43. Kf1 b4 44. Ke1 Rc3 45. Rf6 b3 46. Kd1 b2
0-1

[Event "Standard for new members, May 2006"]
[Site "SchemingMind.com"]
[Date "2006.05.12"]
[Round "-"]
[White "llesrup"]
[Black "texzephyr"]
[Result "0-1"]
[WhiteCountry "AUS"]
[BlackCountry "AUS"]
[WhiteElo "1076"]
[WhiteRD "192"]
[BlackElo "1116"]
[BlackRD "175"]
[GameID "50479"]

1. a4 Nc6 2. b3 Nf6 3. c4 g5 4. d3 b6 5. e4 Nxe4 6. f3 Nd6 7. g4 Bg7 8. h3 Nb4 9. Bxg5 Nxd3+ 10. Bxd3 Bxa1
11. Bxh7 Rxh7 12. Bxe7 Qxe7+ 13. Qe2 Bd4 14. Qxe7+ Kxe7 15. Kd2 Bxg1 16. Kd1 Rh6 17. Nc3 Re6 18. Rxg1 Bb7 19. Nd5+ Kd8 20. Re1 Rxe1+
21. Kxe1 Bxd5 22. cxd5 Rb8
0-1

[Event "Standard for new members, May 2006"]
[Site "SchemingMind.com"]
[Date "2006.05.12"]
[Round "-"]
[White "texzephyr"]
[Black "llesrup"]
[Result "1-0"]
[WhiteCountry "AUS"]
[BlackCountry "AUS"]
[WhiteElo "1116"]
[WhiteRD "175"]
[BlackElo "1076"]
[BlackRD "192"]
[GameID "50483"]

1. Nc3 Nh6 2. Nf3 Ng4 3. h3 Ne3 4. fxe3 e5 5. Nxe5 Nc6 6. Nxc6 bxc6 7. g4 Bb4 8. Rh2 O-O 9. Ne4 Kh8 10. Bg2 Bxd2+
11. Nxd2 Re8 12. Be4 Rxe4 13. Nxe4 Qg8 14. Qd4 Ba6 15. Rf2 Rf8 16. Ng5 Bc8 17. Bd2 Ba6 18. Ba5 Bc8 19. Qxa7 Bb7 20. Bxc7 Ba6
21. Rf5 d5 22. Rd1
1-0

[Event "Standard for new members, May 2006"]
[Site "SchemingMind.com"]
[Date "2006.05.12"]
[Round "-"]
[White "solmash"]
[Black "kobby"]
[Result "0-1"]
[WhiteCountry "PHI"]
[BlackCountry "ENG"]
[WhiteElo "1764"]
[WhiteRD "156"]
[BlackElo "1660"]
[BlackRD "86"]
[GameID "50495"]

1. e4 e6 2. d4 a6 3. Nc3 c5 4. dxc5 Bxc5 5. Nf3 h6 6. Bd3 Nf6 7. O-O b5 8. a3 O-O 9. Bf4 Nc6 10. Qd2 Bb7
11. Bxh6 Bxf2+ 12. Rxf2 Ng4 13. Bxg7 Kxg7 14. h3 Nxf2 15. Qxf2 Rg8 16. Rf1 Qf6 17. h4 Rh8 18. Qg3+ Kf8 19. Ng5 Qd4+ 20. Rf2 Rg8
21. Kh1 Ne5 22. Qf4 Ke7 23. Nxf7 Raf8 24. Qf6+ Ke8 25. Nd1 Rxf7
0-1

[Event "Standard for new members, May 2006"]
[Site "SchemingMind.com"]
[Date "2006.05.12"]
[Round "-"]
[White "solmash"]
[Black "carpediem"]
[Result "0-1"]
[WhiteCountry "PHI"]
[BlackCountry "USA"]
[WhiteElo "1755"]
[WhiteRD "106"]
[BlackElo "1825"]
[BlackRD "85"]
[GameID "50496"]

1. e4 Nf6 2. Nc3 d5 3. e5 d4 4. Nce2 Ng4 5. Nf3 Nc6 6. Ng3 e6 7. Bb5 Bc5 8. Bxc6+ bxc6 9. O-O d3 10. cxd3 Qxd3
11. h3 Nh6 12. b3 O-O 13. Bb2 Ba6 14. Bc3 Be7 15. Re1 Rae8 16. Re3 Qg6 17. d4 Bb7 18. Qe2 c5 19. Rd1 Nf5 20. Nxf5 Qxf5
21. Nh2 Qg6 22. Rg3 Qf5 23. Ng4 Kh8 24. Ne3 Qe4 25. Qh5 Rd8 26. Rg4 Qc6 27. d5 exd5 28. Nf5 Bc8 29. Rxg7 Bxf5 30. e6 Qxe6
0-1

[Event "Standard for new members, May 2006"]
[Site "SchemingMind.com"]
[Date "2006.05.15"]
[Round "-"]
[White "kobby"]
[Black "solmash"]
[Result "0-1"]
[WhiteCountry "ENG"]
[BlackCountry "PHI"]
[WhiteElo "1660"]
[WhiteRD "86"]
[BlackElo "1764"]
[BlackRD "156"]
[GameID "50500"]

1. b4 d5 2. a3 e5 3. Bb2 Bd6 4. h3 Nf6 5. Nf3 Nc6 6. b5 e4 7. Ng1 Ne5 8. e3 O-O 9. d4 exd3 10. cxd3 Bf5
11. Nc3 c5 12. bxc6 bxc6 13. Be2 Rb8 14. Rb1 c5 15. Nf3 c4 16. d4 Bxb1 17. Qxb1 Nxf3+ 18. Bxf3 Bxa3 19. Qa2 Bxb2 20. Na4 Qa5+
21. Ke2 c3 22. Kd1 Rb4 23. Kc2 Rxa4 24. Qb3 Ra2 25. Rb1 Ba1+ 26. Kd3 Rd2#
0-1

[Event "Standard for new members, May 2006"]
[Site "SchemingMind.com"]
[Date "2006.05.12"]
[Round "-"]
[White "carpediem"]
[Black "solmash"]
[Result "1-0"]
[WhiteCountry "USA"]
[BlackCountry "PHI"]
[WhiteElo "1825"]
[WhiteRD "85"]
[BlackElo "1755"]
[BlackRD "106"]
[GameID "50501"]

1. Nf3 Nc6 2. e4 e5 3. d4 exd4 4. Nxd4 Nxd4 5. Qxd4 d6 6. Nc3 Nf6 7. Be2 Be7 8. O-O O-O 9. Bf4 c5 10. Qd3 b6
11. Rfd1 Bb7 12. Qg3 Nxe4 13. Nxe4 Bxe4 14. Bh6 Bg6 15. Bf4 d5 16. Bd3 Bh4 17. Qh3 Bxd3 18. Rxd3 Re8 19. Qg4 Re6 20. Rh3 Qe7
21. g3 Re1+ 22. Rxe1 Qxe1+ 23. Kg2 Qe4+ 24. Kf1 Qh1+ 25. Ke2 Re8+ 26. Be3 Bf6 27. Qd7 Qe4 28. Kd2 d4 29. g4 dxe3+ 30. Rxe3
1-0

[Event "Standard for new members, May 2006"]
[Site "SchemingMind.com"]
[Date "2006.05.12"]
[Round "-"]
[White "kyeyune"]
[Black "texzephyr"]
[Result "1-0"]
[WhiteCountry "UGA"]
[BlackCountry "AUS"]
[WhiteElo "1331"]
[WhiteRD "166"]
[BlackElo "1116"]
[BlackRD "172"]
[GameID "50508"]

1. e4 Nc6 2. Bb5 Na5 3. f4 Nf6 4. d3 b6 5. Nf3 Rb8 6. O-O Nh5 7. Ne5 Nxf4 8. Bxf4 Bb7 9. Bxd7+ Qxd7 10. Nxd7 Kxd7
11. Qg4+
1-0

[Event "Standard for new members, May 2006"]
[Site "SchemingMind.com"]
[Date "2006.05.12"]
[Round "-"]
[White "kyeyune"]
[Black "kobby"]
[Result "0-1"]
[WhiteCountry "UGA"]
[BlackCountry "ENG"]
[WhiteElo "1404"]
[WhiteRD "245"]
[BlackElo "1797"]
[BlackRD "112"]
[GameID "50509"]

1. e4 e6 2. d4 a6 3. Bc4 c5 4. Ne2 Nc6 5. O-O Qb6 6. b3 cxd4 7. Bb2 Bc5 8. c3 e5 9. Na3 Nf6 10. Qd3 Na5
11. cxd4 exd4 12. Bxd4 Bxd4 13. Nxd4 O-O 14. Kh1 Qc5 15. Nac2 Qe5 16. Rae1 Ng4 17. g3 Qh5 18. Nf3 Nxc4 19. Qxc4 b5 20. Qd5 Qxd5
21. exd5 Bb7 22. Rd1 Rfe8 23. Kg1 Rac8 24. Nb4 a5 25. h3 Nf6 26. Nc2 Nxd5 27. Nfd4 Nc3 28. Ra1 b4 29. Nf5 Re6 30. Ncd4 Ne2+
31. Kh2 Nxd4 32. Nxd4 Rf6 33. Kg1 Rc5 34. Rad1 Rh6 35. Rfe1 Kf8 36. Kh2 Rd5 37. g4 Rhd6 38. Re4 g6 39. f4 f5 40. gxf5 gxf5
41. Re5 Rxd4 42. Rxf5+ Ke8 43. Re1+ Kd8 44. Rf8+ Kc7 45. f5 Rd2+ 46. Kg3 R6d4 47. f6 Rg2#
0-1

[Event "Standard for new members, May 2006"]
[Site "SchemingMind.com"]
[Date "2006.05.12"]
[Round "-"]
[White "kyeyune"]
[Black "carpediem"]
[Result "0-1"]
[WhiteCountry "UGA"]
[BlackCountry "USA"]
[WhiteElo "1331"]
[WhiteRD "160"]
[BlackElo "1839"]
[BlackRD "100"]
[GameID "50510"]

1. e4 e5 2. Bc4 Nf6 3. d3 c6 4. f4 d5 5. exd5 b5 6. fxe5 Nxd5 7. Bxd5 Qxd5 8. Nf3 Be7 9. O-O O-O 10. Be3 Qe6
11. d4 Qg6 12. c3 f6 13. exf6 Bxf6 14. Nbd2 Re8 15. Bf4 Bf5 16. Qb3+ Kh8 17. g3 Nd7 18. Rfe1 Rxe1+ 19. Rxe1 Re8
0-1

[Event "Standard for new members, May 2006"]
[Site "SchemingMind.com"]
[Date "2006.05.12"]
[Round "-"]
[White "kyeyune"]
[Black "solmash"]
[Result "0-1"]
[WhiteCountry "UGA"]
[BlackCountry "PHI"]
[WhiteElo "1331"]
[WhiteRD "160"]
[BlackElo "1786"]
[BlackRD "130"]
[GameID "50512"]

1. e4 e5 2. Bc4 Nf6 3. d3 Nc6 4. f4 Bd6 5. fxe5 Bxe5 6. Nf3 d6 7. O-O Bg4 8. Qe1 O-O 9. Nxe5 dxe5 10. Bg5 Qd4+
11. Kh1 Qxb2 12. Nc3 Nd4 13. Bb3 Nxb3 14. Bxf6 Nxa1 15. Bxe5 f6 16. Bd4 Nxc2 17. Qf2 Qb4 18. Qxc2 Qxd4
0-1

[Event "Standard for new members, May 2006"]
[Site "SchemingMind.com"]
[Date "2006.05.15"]
[Round "-"]
[White "kobby"]
[Black "kyeyune"]
[Result "0-1"]
[WhiteCountry "ENG"]
[BlackCountry "UGA"]
[WhiteElo "1797"]
[WhiteRD "112"]
[BlackElo "1404"]
[BlackRD "245"]
[GameID "50515"]

1. b4 e5 2. a3 c5 3. c3 Nf6 4. Bb2 Be7 5. h3 O-O 6. Nf3 d6 7. e3 Nc6 8. Bb5 Bd7 9. Qb3 a6 10. Bc4 h6
11. Bxf7+ Rxf7 12. O-O d5 13. d4 c4 14. Qc2 e4 15. Nfd2 Nh5 16. f3 Ng3 17. Rf2 Bh4 18. fxe4 Rxf2 19. Kxf2 Nxe4+ 20. Kf1 Qf6+
21. Nf3 Ng3+ 22. Kg1 Bxh3 23. Nbd2 Ne2+ 24. Kh2 Qd6+ 25. Ne5 Nxe5 26. dxe5 Qxe5+ 27. Kh1 Bxg2+ 28. Kxg2 Qg3+ 29. Kh1 Qh3#
0-1

[Event "Standard for new members, May 2006"]
[Site "SchemingMind.com"]
[Date "2006.05.12"]
[Round "-"]
[White "carpediem"]
[Black "kyeyune"]
[Result "1-0"]
[WhiteCountry "USA"]
[BlackCountry "UGA"]
[WhiteElo "1839"]
[WhiteRD "100"]
[BlackElo "1331"]
[BlackRD "160"]
[GameID "50516"]

1. e4 e5 2. Nc3 Bc5 3. Nf3 d6 4. Bc4 Ne7 5. Ng5 Be6 6. Nxe6 fxe6 7. Bxe6 Nd7 8. Qf3 Rf8 9. Qh5+ g6 10. Qxh7 Bxf2+
11. Ke2 Nf6 12. Qh3 Bd4 13. Rf1 Bxc3 14. dxc3 c6 15. Bh6 Rh8 16. Rxf6 Qb6 17. Raf1 Qb5+ 18. Ke1 Nf5 19. exf5 Qxb2 20. fxg6 Qb1+
21. Kf2
1-0

[Event "Standard for new members, May 2006"]
[Site "SchemingMind.com"]
[Date "2006.05.12"]
[Round "-"]
[White "solmash"]
[Black "kyeyune"]
[Result "1-0"]
[WhiteCountry "PHI"]
[BlackCountry "UGA"]
[WhiteElo "1786"]
[WhiteRD "130"]
[BlackElo "1331"]
[BlackRD "160"]
[GameID "50518"]

1. e4 e5 2. Nf3 Nc6 3. Bb5 d6 4. Nc3 Nf6 5. O-O Bd7 6. Bc4 Be6 7. Bxe6 fxe6 8. d3 Be7 9. Ng5 Qd7 10. a3 O-O
11. h3 d5 12. b4 d4 13. Ne2 h6 14. Nf3 Nh5 15. Ng3 Nxg3 16. fxg3 Rf7 17. Bd2 b5 18. Qc1 Qd8 19. Bxh6
1-0